000 00809nam a2200229 4500
001 139685
003 ES-MaACL
005 20230906195856.0
007 t|
008 070214s1960 sp r ||||1| spa d
100 1 _aSchiff, Leon.
_9104343
245 1 0 _aEnfermedades del hígado /
_cpor el prof. Dr. Leon Schiff y colaboradores ; prólogo de Cecil J. Watson ; traducción de Juan Massot Gimeno.
260 _aBarcelona [etc.] :
_bLabor,
_c1960.
300 _aXVI, 704 p., 2 lám. col. :
_bil. ;
_c26 cm.
490 1 _aTít. orig.: Diseases of the liver
700 1 _aWatson, Cecil J.
_9116178
700 1 _aMassot Gimeno, Juan.
_978859
740 0 _aDiseases of the liver.
830 0 _aTít. orig.: Diseases of the liver
_9220258
852 _aES-MaACL
_jC-18212
_bR.46243
999 _c139685
_d139685